00402nam a2200121Ia 4500008004000000020001800040082001800058100006000076245007100136260005100207300001200258650001000270210210b1974 xxu||||| |||| 00| 0 eng d a0 226 42981 4 a330.9052 KELL aKELLEY (Allen C) and Williamson (Williamson Jeffrey G). aLessons from Japanese development: an analytical economic history. aChicagobThe University of Chicago Pressc1974 axvi,285 aJapan